Suicide prevention and new technologies : evidence based practice /

Bibliographic Details
Corporate Author: ebrary, Inc
Other Authors: Mishara, Brian, Kerkhof, J. E. M.
Format: eBook
Language:English
Published: Houndmills, Basingstoke, Hampshire : Palgrave Macmillan, 2013.
Subjects:
Online Access:Connect to the full text of this electronic book

MARC

Tag First Indicator Second Indicator Subfields
LEADER 00000cam a2200000 i 4500
001 in00003417621
006 m o d
007 cr cn|||||||||
008 131022s2013 enka ob 001 0 eng|d
005 20250816203720.7
020 |z 9781137351685 (hardback) 
020 |z 9781137351715 (paperback) 
020 |a 9781137351692 (e-book) 
035 |a (CaPaEBR)ebr10775901 
040 |a CaPaEBR  |b eng  |e rda  |e pn  |c CaPaEBR  |d UtOrBLW 
050 1 4 |a RC569  |b .S85 2013eb 
082 0 4 |a 220 
245 0 0 |a Suicide prevention and new technologies :  |b evidence based practice /  |c edited by Brian L. Mishara, Université de Québec à Montréal, Montreal, Quebec, Canada and Ad J.F.M. Kerkhof, VU University, Amsterdam, The Netherlands. 
264 1 |a Houndmills, Basingstoke, Hampshire :  |b Palgrave Macmillan,  |c 2013. 
300 |a 1 online resource (220 pages) :  |b illustrations 
336 |a text  |b txt  |2 rdacontent 
337 |a computer  |b c  |2 rdamedia 
338 |a online resource  |b cr  |2 rdacarrier 
504 |a Includes bibliographical references and index. 
588 |a Description based on online resource; title from PDF title page (ebrary, viewed November 11, 2013). 
500 |a Electronic resource. 
650 0 |a Suicide  |x Prevention. 
650 0 |a Suicide  |x Prevention  |x Technological innovations. 
650 0 |a Evidence-based psychiatry. 
655 7 |a Electronic books.  |2 local 
700 1 |a Mishara, Brian. 
700 1 |a Kerkhof, J. E. M. 
710 2 |a ebrary, Inc. 
856 4 1 |u https://ebookcentral.proquest.com/lib/tamucs/detail.action?docID=1431418  |y Connect to the full text of this electronic book  |t 0 
999 f f |s 6f186cc1-bd50-35dc-a6aa-e279ae29f66f  |i 3e32055a-391e-3030-8aee-84d2c0f4b427  |t 0 
999 |a MARS 
952 f f |a Texas A&M University  |b College Station  |c Electronic Resources  |d Available Online  |t 0  |e RC569 .S85 2013eb  |h Library of Congress classification 
998 f f |a RC569 .S85 2013eb  |t 0  |l Available Online